zpět

Detail výsledku týmu

Dřevák, Chomutov

Datum a čas kvízu

32.5 Celkem bodů Celkový počet nahraných bodů na tomto kvízu bez doplňovacích otázek.
6. Pořadí na kvízu Konečné umístění týmu na tomto kvízu.

Zaznamenané odpovědi

# Otázka Odpověď Body Výsledky
1. Česká vláda ve středu přijala... anticikanismus 0
2. Nevšední hříšník uvízl v pondě... C) holub 1
3. Pořadatelé filmového festivalu... George Lucas 1
4. Patříte-li mezi zákazníky inte... fialová 0
5. Ze soboty na neděli se v Las V... (UFC) 300 1
6. V pěti otázkách tohoto tématu... na 2. stupni 1
7. Jaká je denní dávka kuchyňské... B 1
8. Tato sůl získala své růžové zb... himálajská 1
9. Nejen lidé, ale i zvířata potř... liz 1
10. Jeden z nejznámějších a nejsta... D) Wieliczka 0